000 00422nam a2200157Ia 4500
008 210210b1975 xxu||||| |||| 00| 0 eng d
020 _a0 7069 0358 7
082 _a327.174 AGWD
100 _aAGWANI (M S).
245 _aDetente: perspectives and repercussions.
260 _aDelhi
_bVikas Publishing House Pvt Ltd.
_c1975
300 _a270
650 _aDetente
690 _aInternational Relations
906 _a034390
999 _c84789
_d84789